| 000 | 02531nam a2200313 i 4500 | ||
|---|---|---|---|
| 005 | 20230811150302.0 | ||
| 008 | 220117s2020 nyua b 001 0 eng d | ||
| 020 | _a9781984637376 | ||
| 040 | _cCSPC | ||
| 050 | 0 | 4 | _aQA251 |
| 082 | 0 | 4 |
_a512.5 _bL645 |
| 245 | 0 | 0 | _aLinear algebra. |
| 264 | 1 |
_aNew York : _b3G E-Learning, _c2020. |
|
| 300 |
_ax, 218 pages : _billustrations (some color) ; _c27 cm. |
||
| 336 |
_2rdacontent _atext |
||
| 337 |
_2rdamedia _aunmediated |
||
| 338 |
_2rdacarrier _avolume |
||
| 504 | _aIncludes bibliographical references and index. | ||
| 505 | 0 | _aMatrices and special types of square matrices -- System of linear equations and determinants -- Vector spaces and isomorphism -- Eigenvalues and eigenvectors -- Inner product spaces and quadratic forms -- Linear programming. | |
| 520 | _aNow, much more than arithmetic and geometry, mathematics today is a diverse discipline that deals with data, measurements and observations from science, with inference, deduction, and proof; and with mathematical models of natural phenomena, of human behavior, and of social systems. Linear Algebra is a continuous form of mathematics and is applied throughout science and engineering because it allowsyou to model natural phenomena and to compute them efficiently. Because it is a form of continuous and not discrete mathematics, a lot of computer scientists don't have a lot of experience with it. Linear algebra is vital in multiple areas of science in general. Because linear equations are so easy to solve, practically every areaof modern scienve contains models where equations are approximated by linearequations and solving for the system helps the theory develop. The concepts of Linear Algebra are crucial for understanding the theory behing Machine Learning, especially for Deep Learning. They give you better intuition for how algorithms really work under the hood, which enables you to make better decisions. This book will give you an introduction to the most important concepts of Linear Algebra. This book contains six chapters. The students will become competent in solving linear equations, performing matrix algebra, calculating determinants and finding eigenvalues and eigenvectors. | ||
| 650 | 0 | 4 | _aAlgebra, Linear. |
| 650 | 0 | 4 | _aMathematics. |
| 710 | _a3G E-Learning | ||
| 940 | _aLenie | ||
| 940 | _amae | ||
| 942 |
_cBK _2ddc _h512.5 L645 _kCIR _m2020 _n0 |
||
| 999 |
_c11673 _d11673 |
||